000 00298nam a2200121Ia 4500
008 220216s9999 xx 000 0 und d
100 _aThomson M C
245 0 _aAfrica needs climate data to fight disease
260 _bNature
_c2011
300 _a440-442
650 _aClimate change
942 _cJS
999 _c53920
_d53920